Các quy định pháp luật về xuất nhập cảnh

שמור ב:
מידע ביבליוגרפי
פורמט: ספר
שפה:Undetermined
יצא לאור: Hà Nội Tư Pháp 2004
נושאים:
תגים: הוספת תג
אין תגיות, היה/י הראשונ/ה לתייג את הרשומה!
Thư viện lưu trữ: Trung tâm Học liệu Trường Đại học Cần Thơ
LEADER 00485nam a2200169Ia 4500
001 CTU_87378
008 210402s9999 xx 000 0 und d
020 |c 85000 
082 |a 342.597083 
082 |b C101 
245 0 |a Các quy định pháp luật về xuất nhập cảnh 
260 |a Hà Nội 
260 |b Tư Pháp 
260 |c 2004 
650 |a Constitutional law 
904 |i Mai Loan(Tuyến) 
980 |a Trung tâm Học liệu Trường Đại học Cần Thơ